书目信息 |
| 题名: |
口才与演讲教程
|
|
| 作者: | 刘维娅 主编 | |
| 分册: | ||
| 出版信息: | 武昌 华中师范大学出版社 2007.08 |
|
| 页数: | 236页 | |
| 开本: | 23cm | |
| 丛书名: | ||
| 单 册: | ||
| 中图分类: | H019 | |
| 科图分类: | ||
| 主题词: | 口才学--kou cai xue--高等学校--教材 , 演讲学--yan jiang xue--高等学校--教材 | |
| 电子资源: | ||
| ISBN: | 978-7-5622-3566-8 | |
| 000 | 00890nam0 2200265 450 | |
| 001 | 012008091359 | |
| 005 | 20080512152427.87 | |
| 010 | @a978-7-5622-3566-8@dCNY22.00 | |
| 100 | @a20080510d2007 em y0chiy0120 ea | |
| 101 | 0 | @achi |
| 102 | @aCN@b420000 | |
| 105 | @ay a 000yy | |
| 106 | @ar | |
| 200 | 1 | @a口才与演讲教程@Akou cai yu yan jiang jiao cheng@f刘维娅主编@Fliu wei ya zhu bian |
| 210 | @a武昌@c华中师范大学出版社@d2007.08 | |
| 215 | @a236页@d23cm | |
| 300 | @a华大博雅·通识教育课教材 | |
| 320 | @a有书目 (第235-236页) | |
| 330 | @a本书包含的内容主要有:学习口才与演讲的意义、怎样提高口语表达能力、语音、朗读、体态语、演讲、辩论等。 | |
| 606 | 0 | @a口才学@Akou cai xue@x高等学校@j教材 |
| 606 | 0 | @a演讲学@Ayan jiang xue@x高等学校@j教材 |
| 690 | @aH019@v4 | |
| 701 | 0 | @a刘维娅@Aliu wei ya@4主编 |
| 801 | 0 | @aCN@bQSSK@c20080512 |
| 905 | @b710319-21@dH019@eL688@f3 | |
| 口才与演讲教程/刘维娅主编.-武昌:华中师范大学出版社,2007.08 |
| 236页;23cm |
| 华大博雅·通识教育课教材 |
| ISBN 978-7-5622-3566-8:CNY22.00 |
| 本书包含的内容主要有:学习口才与演讲的意义、怎样提高口语表达能力、语音、朗读、体态语、演讲、辩论等。 |
| ● |
| 相关链接 |
|
|
|
正题名:口才与演讲教程
索取号:H019/L688
 
预约/预借
| 序号 | 登录号 | 条形码 | 馆藏地/架位号 | 状态 | 备注 |
| 1 | 710319 | 207103196 | 语言库209/209语言库 63排4列1层/ [索取号:H019/L688] | 在馆 | |
| 2 | 710320 | 207103203 | 语言库209/209语言库 63排4列1层/ [索取号:H019/L688] | 在馆 | |
| 3 | 710321 | 207103212 | 语言库209/209语言库 63排4列1层/ [索取号:H019/L688] | 在馆 |